000
00260nam a2200097Ia 4500
008
220204s9999 xx 000 0 und d
082
_a
030=111
_b
CHA
245
0
_a
Chambers 21st Century dictionary
260
_a
New Delhi
_b
Allied Chambers India
_c
2000
942
_c
BK
999
_c
41746
_d
41746